000 00203nam a2200073Ia 4500
008 170620s9999 xx 000 0 und d
100 _aJ. P. MISHR
245 0 _aSHAKSHIK SANGHATAN- SAVASATH SHIKSHA AV SHIKSHAN TAKNEEKI
260 _bAPOLO
999 _c27123
_d27123